000 00786 a2200241 4500
001 0000
003 0000
005 20251106103414.0
020 _a9781032162881
040 _erda
050 _aTP 248.25 .N35 .E44
100 _aEdited by Singh, Arun Kumar
245 _aEmerging Two Dimensional Materials and Applications
_cEdited by Arun Kumar Singh; Ram Sevak Singh and Anar Singh
264 _aBoca Raton
_bCRC Press
_c2023
300 _axiii, 245p. ill.
336 _2rdacontent
338 _2rdacarrier
490 _aEmerging Materials and Technologies
504 _aIncludes Bibliographical References and Index
650 _2Two-dimensional materials.
_vNanostructured materials.
651 _v
_xNanotechnology.
942 _2lcc
_cBK
999 _c43972
_d43972